000 00855nam a2200277 i 4500
001 C2-0276370
003 PPAK
005 20180728004814.0
008 061127s2006 my a|||| ||||| | may d
020 _a9836287027
040 _aPPAK
_beng
_cPPAK
_erda
082 0 4 _a591.68
_223
090 0 0 _a591.68
_bTAY
_dK
100 0 _aTaylor, Barbara,
_d1954-
_eauthor
245 1 0 _aHilang, hilang lenyap
264 1 _aKuala Lumpur :
_bDewan Bahasa dan Pustaka ,
_c2006
300 _a22 pages :
_bcolour illustrations ;
_c25 cm
336 _2rdacontent
_atext
337 _2rdamedia
_aunmediated
338 _2rdacarrier
_avolume
490 1 _aMuzium sejarah alam semula jadi yang aneh & menakjubkan
500 _aIncludes index
650 1 0 _aAnimals - Miscellanea.
830 0 _aMuzium sejarah alam semula jadi yang aneh & menakjubkan
942 _ddc
_cB
999 _c83821
_d83821